| 000 | 00537nam a2200145Ia 4500 | ||
|---|---|---|---|
| 008 | 181023s9999 xx 000 0 und d | ||
| 020 | _a9781138206441 | ||
| 100 | _aNewton, Nicki. | ||
| 245 |
_cNicki Newton.-- _aMath problem solving in action : _bgetting students to love word problems, grades 3-5 / |
||
| 260 |
_aNew York : _bRoutledge _c2017 |
||
| 300 | _axx, 167 pages. | ||
| 500 | _aIncludes bibliographic references and index. | ||
| 650 | _aMathematics -- study and teaching (Elementary). | ||
| 650 | _aWord problems ( Mathematics). | ||
| 999 |
_c359332 _d359332 |
||